000 00756cab a2200229 4500
001 ABS57374
008 090401t1997 xxu||||| |||| 00| 0 eng d
035 _a(Sirsi) u79742
041 _aeng
100 _aRobinson, J.
245 _aSecrets of the people poachers
260 _c1997
350 _a0
490 _aEstates Gazette
_v(9728) 12 July 1997, 66-67(2)
520 _aInvestigates how headhunters are being used for recruitment in the property market as improved employment opportunities are making it harder for employers to find the right candidates.
650 _aEMPLOYMENT
650 _aHEADHUNTING
650 _aRECRUITMENT
690 _aMANAGEMENT-BUSINESS MANAGEMENT-PROFESSIONAL PRACTICE
942 _n0
948 _c21/07/1997
999 _c50166
_d50166